Махабхарата. [Кн. 15-18]: Заключительные книги (Запись № 92539)

Подробности
000 -МАРКЕР
контрольное поле 01514nam2a2200301 4500
001 - ИДЕНТИФИКАТОР ЗАПИСИ
контрольное поле RU\NLR\bibl\931585
005 - ИДЕНТИФИКАТОР ВЕРСИИ
контрольное поле 20260406055602.0
010 ## - МЕЖДУНАРОДНЫЙ СТАНДАРТНЫЙ НОМЕР КНИГИ (ISBN)
Номер (ISBN) 5-02-027034-2
021 ## - НОМЕР ГОСУДАРСТВЕННОЙ РЕГИСТРАЦИИ
Код страны Российская Федерация
Номер 2006-9203
Номер Листа государственной регистраци 442
035 ## - ДРУГИЕ СИСТЕМНЫЕ НОМЕРА
Идентификатор записи (NLR Aleph) 000919802
100 ## - ДАННЫЕ ОБЩЕЙ ОБРАБОТКИ
Данные общей обработки 20060413d2005 |||y0rusy50 ca
101 1# - ЯЗЫК РЕСУРСА
Язык текста, звукозаписи и т.д. русский
Язык оригинала санскрит
102 ## - СТРАНА ПУБЛИКАЦИИ ИЛИ ПРОИЗВОДСТВА
Страна публикации Российская Федерация
105 ## - ПОЛЕ КОДИРОВАННЫХ ДАННЫХ: ТЕКСТОВЫЕ МАТЕРИАЛЫ, МОНОГРАФИЧЕСКИЕ
Кодированные данные о монографическом текстовом документе a |||||||||
200 1# - ЗАГЛАВИЕ И СВЕДЕНИЯ ОБ ОТВЕТСТВЕННОСТИ
Основное заглавие Заключительные книги
Первые сведения об ответственности подгот. С.И. Невелева и Я.В. Васильков
Последующие сведения об ответственности [отв. ред. И.М. Стеблин-Каменский]
210 ## - ПУБЛИКАЦИЯ, РАСПРОСТРАНЕНИЕ И ДР.
Дата издания, распространения и т.д. 2005
Место издания, распространения и т.д. Б. м.
215 ## - ФИЗИЧЕСКАЯ ХАРАКТЕРИСТИКА
Специфическое обозначение материала и объем 234,[1] с.
Другие сведения о физической характеристике ил.
320 ## - ПРИМЕЧАНИЯ О НАЛИЧИИ В ДОКУМЕНТЕ БИБЛИОГРАФИИ / УКАЗАТЕЛЯ
Текст примечания Библиогр.: с. 216-221, в тексте коммент. и в подстроч. примеч.
320 ## - ПРИМЕЧАНИЯ О НАЛИЧИИ В ДОКУМЕНТЕ БИБЛИОГРАФИИ / УКАЗАТЕЛЯ
Текст примечания Указатели: имен эпич. и мифол. персонажей, предметов и терминов, геогр. и этн. назв.: с. 223-234
461 #0 - УРОВЕНЬ НАБОРА
Встроенное поле 001RU\NLR\bibl\953426
-- 2001#$aМахабхарата$v[Кн. 15-18]
Системный номер (АБИС) связанной записи 222843
Место публикации Санкт-Петербург
Дата публикации 2005
Первые сведения об ответственности [Рос. акад. наук]
Имя издателя, распространителя и т.д. Наука
Заглавие Махабхарата
Номер тома [Кн. 15-18]
702 #1 - ИМЯ ЛИЦА - ВТОРИЧНАЯ ОТВЕТСТВЕННОСТЬ
Код отношения Составитель
Графика поля Кириллица
Материалы, к которым относится поле rus
Начальный элемент ввода Невелева
Часть имени, кроме начального элемента ввода С. Л.
Даты 1937-
Расширение инициалов личного имени Светлана Леонидовна
Системный номер авторитетной/нормативной записи 181152
Идентификатор авторитетной/нормативной записи RU\NLR\AUTH\770181203
702 #1 - ИМЯ ЛИЦА - ВТОРИЧНАЯ ОТВЕТСТВЕННОСТЬ
Код отношения Редактор
Материалы, к которым относится поле rus
Графика поля Кириллица
Начальный элемент ввода Стеблин-Каменский
Часть имени, кроме начального элемента ввода И.М.
Даты 1945 -
Расширение инициалов личного имени Иван Михайлович
Идентификатор авторитетной/нормативной записи RU\NLR\auth\779943
Системный номер авторитетной/нормативной записи 119732
801 #0 - ИСТОЧНИК ЗАПИСИ
Страна Российская Федерация
Организация NLR
Дата составления 20060413
Правила каталогизации rcr
801 #1 - ИСТОЧНИК ЗАПИСИ
Страна Российская Федерация
Организация NLR
Дата составления 20060413
942 ## - ДОПОЛНИТЕЛЬНЫЕ ЭЛЕМЕНТЫ ЗАПИСИ (АБИС)
Тип экземпляра АБИС Книга
980 ## - КОЛЛЕКЦИЯ
Название коллекции Национальная библиография
Экземпляры
Тип экземпляра Дата поступления Источник поступления Библиотека постоянного хранения Библиотека текущего хранения Место хранения Шифр хранения Штрих-код Статус экземпляра Стоимость
Книга 13.04.2006 Обязательный экземпляр РНБ (Московский) РНБ (Московский) Русский книжный фонд: издания с 1957 года 63-5/115 1-2197155    
Книга 13.04.2006 Обязательный экземпляр РНБ (Московский) РНБ (Московский) Русский книжный фонд: издания с 1957 года 63-5/115 2163341    
Книга 17.07.2006 Покупка РНБ (Московский) РНБ (Московский) Фонд литературы на языках стран Азии и Африки, подручный   2228958   336.00
Книга 21.11.2006 Покупка РНБ (Московский) РНБ (Московский) Фонд общего зала литературы по филологии, педагогике и искусству (гуманитарной литературы) Л1 Ш6(5А-Я)/М-360 1-424410   336.00
Книга 21.11.2006 Покупка РНБ (Садовая) РНБ (Садовая) Фонд научного зала литературы и искусства Л2 Ш6(5Ид)/М-360 1-261195   336.00